000 00430nam a2200181Ia 4500
005 20240823061130.0
008 240823s9999||||xx |||||||||||||| ||und||
041 _aENGLISH
082 _A621 N3
100 _aRoy K P [etal]
245 0 _aElements of Mechanical Engineering
250 _a5th
260 _c1993
_b"Media,Bombay"
500 _aTRANSFERED
650 _aMechanical
_bMechanical
942 _cBK
999 _c232788
_d232788